000 00373nam a22001217a 4500
999 _c1874
_d1874
005 20200904140443.0
008 200904b ||||| |||| 00| 0 eng d
020 _a052132940x
040 _cCML
245 _aReality ans the Physicist.
_cD'espagnat, B.
260 _aGreat Britain
_bCambridge University Press
_c1989
942 _2ddc
_cBK
_e1st Edition
_h530
_mDES